Loading...
| History - European History | 0 | 9 | 2 | 4 | 80 | 52 | 121.89 | 1 | 1 |
| History - World History | 0 | 9 | 4 | 1 | 70 | 88 | 118.00 | 0 | 2 |
| Religion | 0 | 7 | 1 | 2 | 65 | 99 | 125.57 | 0 | 0 |
| History - American History | 0 | 6 | 1 | 0 | 55 | 79 | 111.00 | 0 | 0 |
| Social Science | 0 | 3 | 1 | 1 | 25 | 116 | 120.67 | 0 | 0 |
| Literature - World Literature | 0 | 2 | 0 | 1 | 20 | 128 | 132.50 | 0 | 0 |
| Literature - European Literature | 0 | 2 | 0 | 0 | 20 | 142 | 142.50 | 0 | 0 |
| Current Events | 0 | 2 | 0 | 0 | 20 | 104 | 117.00 | 0 | 0 |
| Science - Other Science | 0 | 2 | 0 | 0 | 20 | 114 | 120.50 | 0 | 0 |
| Other Academic | 0 | 2 | 1 | 0 | 15 | 73 | 92.00 | 1 | 1 |
| Geography | 0 | 2 | 1 | 0 | 15 | 82 | 111.00 | 0 | 0 |
| Science - Chemistry | 0 | 1 | 0 | 0 | 10 | 98 | 98.00 | 0 | 0 |
| Mythology | 0 | 1 | 0 | 0 | 10 | 108 | 108.00 | 0 | 0 |
| Science - Physics | 0 | 1 | 0 | 0 | 10 | 124 | 124.00 | 0 | 0 |
| Science - Biology | 0 | 1 | 1 | 0 | 5 | 115 | 115.00 | 0 | 0 |
| History - Other History | 0 | 4 | 7 | 1 | 5 | 109 | 126.00 | 0 | 0 |
| Literature - British Literature | 0 | 0 | 1 | 0 | -5 | 0.00 | 0 | 0 | |
| Fine Arts - Painting & Sculpture | 0 | 0 | 1 | 0 | -5 | 0.00 | 0 | 0 |